00652nam a2200193Ia 4500008004100000020001800041082001400059100001400073245005000087250000900137260002700146300001200173500002400185650001500209942000700224952010500231952010500336999001700441230524s9999 xx 000 0 und d a9788184889017 a4.16bSAR aA.M.Sarma 0aAspects of Labour Welfare and Social Security a10TH aMUMBAIbHimalayac2010 aXVI;284 aQuantity Number: 2 aManagement cBK 00104070aTATCLbTATCLcGENd2023-05-24l0o004.16 SARp38063r2023-05-24w2023-05-24yBKzMBA305A 00104070aTATCLbTATCLcGENd2023-05-24l0o004.16 SARp38064r2023-05-24w2023-05-24yBKzMBA305A c46885d46885